| 000 | 00343pab a2200133 454500 | ||
|---|---|---|---|
| 008 | 180718b1984 xxu||||| |||| 00| 0 eng d | ||
| 245 | _aSpecial issue on Kritsman and the agrarian Marxists | ||
| 260 | _c1984 | ||
| 300 | _a7-144 | ||
| 362 | _aJan. | ||
| 650 | _aLand Tenure - U.S.S.R. | ||
| 773 | _aJournal of Peasant Studies | ||
| 909 | _a12157 | ||
| 999 |
_c12157 _d12157 |
||